Indira: Indias Most Powerful Prime Minister (Record no. 95375)

MARC details
000 -LEADER
fixed length control field 00552nam a2200205Ia 4500
008 - FIXED-LENGTH DATA ELEMENTS--GENERAL INFORMATION
fixed length control field 230125s9999 xx 000 0 und d
020 ## - INTERNATIONAL STANDARD BOOK NUMBER
International Standard Book Number 9789386228345
041 ## - LANGUAGE CODE
Language code of text/sound track or separate title eng
082 ## - DEWEY DECIMAL CLASSIFICATION NUMBER
Classification number 920.72
Item number GHO
100 ## - MAIN ENTRY--PERSONAL NAME
Personal name Ghose S
9 (RLIN) 117537
245 ## - TITLE STATEMENT
Title Indira: Indias Most Powerful Prime Minister
260 ## - PUBLICATION, DISTRIBUTION, ETC. (IMPRINT)
Date of publication, distribution, etc. 2017
Name of publisher, distributor, etc. Juggernaut Books
Place of publication, distribution, etc. New Delhi
300 ## - PHYSICAL DESCRIPTION
Extent 342p
440 ## - SERIES STATEMENT/ADDED ENTRY--TITLE
Volume/sequential designation 1
500 ## - GENERAL NOTE
Keywords Biography;Biography-Women;Indira Gandhi;Literature;
650 ## - SUBJECT ADDED ENTRY--TOPICAL TERM
Topical term or geographic name as entry element Biography-Women
700 ## - ADDED ENTRY--PERSONAL NAME
Personal name Ghose S
9 (RLIN) 117537
906 ## - LOCAL DATA ELEMENT F, LDF (RLIN)
b 29
Holdings
Withdrawn status Lost status Damaged status Not for loan Home library Current library Date acquired Vendor Cost, normal purchase price Bill number Total Checkouts Total Renewals Full call number Barcode Date last seen Date last checked out Cost, replacement price Bill Date Koha item type Original Barcode
        Smt. Hiraben Nanavati Institute of Management & Research for Women Smt. Hiraben Nanavati Institute of Management & Research for Women 05/03/2018 Pritam Book Centre 699.00 10526 1 1 920.72 GHO B15897 HIMR-BK-15897 18/11/2025 04/11/2025 670.00 19/01/2018 Books B15897